000 00421nam a2200145Ia 4500
005 20251222153539.0
008 251222s9999||||xx |||||||||||||| ||spa||
020 _a9789972722257
082 _a338.109.85/E32
100 _aEguren, Fernando
245 0 _aContribución de la Agricultura Familiar al Sector Agropecuario en el Perú
250 _a1ra.ed.
264 _bTarea Asociación Gráfica Educativa
942 _cLIB
999 _c30407
_d30407